| 000 | 00638nam a22002057a 4500 | ||
|---|---|---|---|
| 999 |
_c19492 _d19492 |
||
| 003 | AR-CdUCM | ||
| 008 | 190517b ||||| |||| 00| 0 spa d | ||
| 040 |
_aMUNICIPALIDAD PROVINCIAL DEL CUSCO _cBIBLIOTECA MUNICIPAL DEL CUSCO |
||
| 082 |
_a498.51 / _bC14 |
||
| 100 |
_aCaceres Aragon, Armando _935102 |
||
| 245 | _aRunasimiq kurkun / | ||
| 260 |
_aQosqo : _bJuanitos, _c2007. |
||
| 300 |
_a249 páginas ; _c22 cm. |
||
| 505 | _aContenido: Mamayta -- Unsaac -- Antirunata -- Andres Alencastre ... | ||
| 650 |
_aRunasimi _940853 |
||
| 650 |
_aQuechua _92063 |
||
| 650 |
_aCusco _9772 |
||
| 942 |
_2ddc _cLIBROS |
||
| 945 |
_arah _d2019-05-17 |
||